K problematike komoditných derivátov
Druhy komoditných derivátov. Vymedzenie pojmu forward. Použitie komoditných forwardov. Definície futures (futurity). Príklad štandardizácie kontraktu futures na kukuricu na CBOT. Typy obchodníkov . Ceny futures (futures price). Ceny futures investičných aktív. Príklad bázového pohybu kukurice v obdo...
Gespeichert in:
| 1. Verfasser: | |
|---|---|
| Format: | Buchkapitel |
| Sprache: | Slowakisch |
| Schlagworte: | |
| Tags: |
Keine Tags, Fügen Sie das erste Tag hinzu!
|
MARC
| LEADER | 00000nla$a2200000$$$4500 | ||
|---|---|---|---|
| 001 | 0065327 | ||
| 005 | 20231121080726.8 | ||
| 041 | 0 | |a slo | |
| 044 | |a SK | ||
| 245 | 1 | 0 | |a K problematike komoditných derivátov |c Rastislav Petruška |
| 520 | |a Druhy komoditných derivátov. Vymedzenie pojmu forward. Použitie komoditných forwardov. Definície futures (futurity). Príklad štandardizácie kontraktu futures na kukuricu na CBOT. Typy obchodníkov . Ceny futures (futures price). Ceny futures investičných aktív. Príklad bázového pohybu kukurice v období júl-marec | ||
| 610 | 2 | 0 | |a opcie |
| 610 | 2 | 0 | |a trh finančný |
| 610 | 2 | 0 | |a komodity |
| 610 | 2 | 0 | |a futurity |
| 610 | 2 | 0 | |a forwardy |
| 610 | 2 | 0 | |a deriváty |
| 100 | 1 | |a Petruška, Rastislav | |